Engineering Graphics Essentials with AutoCAD Instruction /

Gespeichert in:
Bibliographische Detailangaben
1. Verfasser: Plantenberg, Kirstie (Verfasst von)
Format: Buch
Sprache:Englisch
Veröffentlicht: Detroit SDC 2006
Ausgabe:1.vyd.
Schlagworte:
Tags: Tag hinzufügen
Keine Tags, Fügen Sie das erste Tag hinzu!

MARC

LEADER 00000nam a22000003a 4500
001 0009713
003 SK-STU
005 20160122100655.5
007 ta
008 151203s ----xo-----e------000-0-----d
020 |a 1-58503-302-2 
040 |a STU  |b slo 
041 0 |a eng 
100 1 |a Plantenberg, Kirstie  |4 aut 
245 1 0 |a Engineering Graphics Essentials with AutoCAD Instruction /  |c aut. Kirstie Plantenberg 
250 |a 1.vyd. 
260 |a Detroit  |b SDC  |c 2006 
300 |a nestr.  |b CD 
650 0 7 |a grafika počítačová 
650 0 7 |a AutoCAD 
996 |b 284J044523  |c J* 117805  |l JJSK  |s P  |a 0  |w 0009713_0001 
996 |b 284J044542  |c J* 117824  |l JJST  |s P  |a 0  |w 0009713_0002 
996 |b 284J044578  |c J* 117860  |l JJST  |s P  |a 0  |w 0009713_0003